The management challenge (Record no. 82418)

MARC details
000 -LEADER
fixed length control field 00860nam a2200217 a 4500
008 - FIXED-LENGTH DATA ELEMENTS--GENERAL INFORMATION
fixed length control field 120416s1994 ||||||||||||||||| || u
020 ## - INTERNATIONAL STANDARD BOOK NUMBER
International Standard Book Number 0023544929
050 ## - LIBRARY OF CONGRESS CALL NUMBER
Classification number HD 31 Hig
100 ## - MAIN ENTRY--PERSONAL NAME
Personal name Higgins, James M
245 14 - TITLE STATEMENT
Title The management challenge
246 ## -
-- an introduction to management
250 ## - EDITION STATEMENT
Edition statement 2nd ed.
260 ## - PUBLICATION, DISTRIBUTION, ETC.
Place of publication, distribution, etc. New York
Name of publisher, distributor, etc. Macmillan
Date of publication, distribution, etc. 1994
300 ## - PHYSICAL DESCRIPTION
Extent xxix, 842 p. : col. ill. + 1 computer disk (3 1/2 in.)
350 ## -
-- 0.00
490 ## -
-- Macmillan College software
500 ## - GENERAL NOTE
General note Bibliography.
650 #0 - SUBJECT ADDED ENTRY--TOPICAL TERM
Topical term or geographic name entry element MANAGEMENT
995 ## -
-- BINDERY (DAMAGED)
-- 0.00
-- 729522
-- CBU-MAIN LIBRARY (Kitwe)
-- 1
-- 10.95
-- HD 31 Hig
-- 1
-- DAMAGED
-- May 26, 2006
-- 021324
-- Main Library Open Access Collection
995 ## -
-- BINDERY (DAMAGED)
-- 0.00
-- 729334
-- CBU-MAIN LIBRARY (Kitwe)
-- 2
-- 10.95
-- HD 31 Hig
-- 2
-- AVAILABLE
-- 021229
-- Main Library Open Access Collection
999 ## -
-- 82418
-- 82418
Holdings
Withdrawn status Lost status Source of classification or shelving scheme Damaged status Not for loan Permanent Location Current Location Shelving location Date acquired Total Checkouts Full call number Barcode Date last seen Copy number Price effective from Koha item type
          CBU-MAIN LIBRARY, KITWE. CBU-MAIN LIBRARY, KITWE.   09/27/2023   HD 31 Hig 021324 09/27/2023 1 09/27/2023 MONOGRAPH
          CBU-MAIN LIBRARY, KITWE. CBU-MAIN LIBRARY, KITWE.   09/27/2023   HD 31 Hig 021229 09/27/2023 2 09/27/2023 MONOGRAPH